Hidrocarburos alifáticos/petróleo /

Guardado en:
Autor Principal: Pere, Miguel Angel
Formato: Libro
Publicado: Buenos Aires : Docencia, 1979
Materias:
Etiquetas: Agregar Etiqueta
Sin Etiquetas, Sea el primero en etiquetar este registro!
LEADER 00792nam a22002175a 4500
001 CEM.cems004983
005 20060217000000.0
008 130507s1979##################000#0#####d
003 CEMS
082 0 4 |a 547 
100 1 |a Pere, Miguel Angel 
245 1 0 |a Hidrocarburos alifáticos/petróleo / 
260 |a Buenos Aires :  |b Docencia,  |c 1979 
300 |a 63 p. 
505 0 |a La geologia y nosotros. La Tierra en el espacio. La corteza terrestre: Composición, Erosion y sedimentación, Cambios subterraneos. El interior de la Tierra. Estructura del fondo oceanico. Historia de la Tierra 
653 |a Hidrocarburos-clasificacion 
653 |a Petroleo 
653 |a Petroquímica 
653 |a Química 
653 |a Química organica 
859 |a CEMS  |b BIB. CEMS - 11 de abril  |h 547  |i P413/V  |p 12860.84  |t Ej.1